000 00813nam a22002177a 4500
999 _c17577
_d17577
003 AR-CdUCM
008 190509b ||||| |||| 00| 0 spa d
040 _aMUNICIPALIDAD PROVINCIAL DEL CUSCO
_cBIBLIOTECA MUNICIPAL DEL CUSCO
082 _a301.2 /
_bR85
100 _aRothacker, Erich
_937670
245 _aProblemas de antropología cultural /
260 _aMéxico, D. F :
_bFondo de Cultura Económica,
_c1957.
300 _a196 páginas ;
_c21 cm.
440 _aSección de obras de filosofía
_931716
505 _aContenido: El hombre como ente activo -- El engranaje de las altas culturas -- La tensión entre unidad y variedad culturales...
650 _aEtnología
_91915
650 _aCiencias sociales
_91096
650 _aAntropología
_9878
942 _2ddc
_cLIBROS
945 _adavv
_d2019-05-09